000 00457nam a2200157Ia 4500
008 210716s2018 xx 000 0 und d
020 _a9788126571000
041 _aeng
082 _a005.764 LOWM
100 _aLowman, Marie.
245 _aPractical guide to analytics for governments: using big data for good.
_bUsing big data for good.
250 _a1
260 _aNew Delhi
_bWiley India Pvt Ltd
_c2018
300 _axv,199
650 _aData Analysis
999 _c196979
_d196979